000 00920nam a2200241 a 4500
001 BRCA_6206
005 20190320205353.0
008 140711s1867----fr-a######---#000-0#fre-#
041 _afre
044 _afr
050 4 _aF1233.T4
_b.D57 1867
245 1 0 _aDiscours de M. Thiers, député de la Seine sur l´Expédition du Mexique, prononcés au Corps législatif dans les séances des 9 & 10 juillet 1867.
260 _aParís
_bLheureux
_c1867
300 _a86 p.
_bil.
_c22 cm.
500 _aEstado físico: libro muy deteriorado, requiere intervención mayor. Se encuentra en el cuarto 1
500 _aB145
600 1 4 _aThiers, Marie Joseph Louis Adolphe
_d1797-1877
_915609
651 4 _aMéxico
_xRelaciones exteriores
_zFrancia
_915610
651 4 _aMéxico
_xHistoria
_yIntervención francesa, 1861-1867
_915611
651 4 _aFrancia
_xRelaciones exteriores
_zMéxico
_915612
902 _aGFM
942 _2lcc
_cB
999 _c5893
_d5893